<?xml version="1.0" encoding="UTF-8"?>
<record
    xmlns:xsi="http://www.w3.org/2001/XMLSchema-instance"
    xsi:schemaLocation="http://www.loc.gov/MARC21/slim http://www.loc.gov/standards/marcxml/schema/MARC21slim.xsd"
    xmlns="http://www.loc.gov/MARC21/slim">

  <leader>00834nam a22002177a 4500</leader>
  <datafield tag="999" ind1=" " ind2=" ">
    <subfield code="c">51465</subfield>
    <subfield code="d">51465</subfield>
  </datafield>
  <controlfield tag="005">20210325200957.0</controlfield>
  <controlfield tag="008">      s2550    th                  tha d</controlfield>
  <datafield tag="020" ind1=" " ind2=" ">
    <subfield code="a">9789749450932</subfield>
  </datafield>
  <datafield tag="040" ind1=" " ind2=" ">
    <subfield code="a">&#xE4C;NALT</subfield>
  </datafield>
  <datafield tag="041" ind1=" " ind2=" ">
    <subfield code="a">tha</subfield>
  </datafield>
  <datafield tag="050" ind1=" " ind2=" ">
    <subfield code="a">BF 637.N4 </subfield>
    <subfield code="b">&#xE2A;172&#xE01; 2550</subfield>
  </datafield>
  <datafield tag="100" ind1="1" ind2=" ">
    <subfield code="a">&#xE2A;&#xE44;&#xE15;&#xE19;&#xE4C;&#xE40;&#xE1A;&#xE25;, &#xE40;&#xE14;&#xE27;&#xE34;&#xE14;</subfield>
    <subfield code="9">45284</subfield>
  </datafield>
  <datafield tag="245" ind1="1" ind2="0">
    <subfield code="a">&#xE01;&#xE25;&#xE22;&#xE38;&#xE17;&#xE18;&#xE4C;&#xE01;&#xE32;&#xE23;&#xE2A;&#xE37;&#xE48;&#xE2D;&#xE2A;&#xE32;&#xE23;&#xE0A;&#xE31;&#xE49;&#xE19;&#xE40;&#xE0B;&#xE35;&#xE22;&#xE19; = </subfield>
    <subfield code="b">When talking makes things worse /</subfield>
    <subfield code="c">David Stiebel &#xE40;&#xE02;&#xE35;&#xE22;&#xE19;, &#xE19;&#xE34;&#xE25;&#xE15;&#xE27;&#xE32; &#xE41;&#xE1B;&#xE25;.</subfield>
  </datafield>
  <datafield tag="260" ind1=" " ind2=" ">
    <subfield code="a">&#xE01;&#xE23;&#xE38;&#xE07;&#xE40;&#xE17;&#xE1E;&#xE2F; : </subfield>
    <subfield code="b">&#xE2D;&#xE34;&#xE19;&#xE2A;&#xE1B;&#xE32;&#xE22;&#xE23;&#xE4C;, </subfield>
    <subfield code="c">2550.</subfield>
  </datafield>
  <datafield tag="300" ind1=" " ind2=" ">
    <subfield code="a">191 &#xE2B;&#xE19;&#xE49;&#xE32; ;</subfield>
    <subfield code="c">21 &#xE0B;&#xE21;.</subfield>
  </datafield>
  <datafield tag="650" ind1="0" ind2="4">
    <subfield code="a">&#xE01;&#xE32;&#xE23;&#xE2A;&#xE37;&#xE48;&#xE2D;&#xE2A;&#xE32;&#xE23;&#xE23;&#xE30;&#xE2B;&#xE27;&#xE48;&#xE32;&#xE07;&#xE1A;&#xE38;&#xE04;&#xE04;&#xE25;</subfield>
  </datafield>
  <datafield tag="700" ind1="0" ind2=" ">
    <subfield code="a"> &#xE19;&#xE34;&#xE25;&#xE15;&#xE27;&#xE32;</subfield>
    <subfield code="9">45286</subfield>
  </datafield>
  <datafield tag="850" ind1=" " ind2=" ">
    <subfield code="a">NALT</subfield>
  </datafield>
  <datafield tag="942" ind1=" " ind2=" ">
    <subfield code="c">GB</subfield>
    <subfield code="2">lcc</subfield>
  </datafield>
  <datafield tag="952" ind1=" " ind2=" ">
    <subfield code="0">0</subfield>
    <subfield code="1">0</subfield>
    <subfield code="4">0</subfield>
    <subfield code="7">0</subfield>
    <subfield code="8">CGBL</subfield>
    <subfield code="a">NALT</subfield>
    <subfield code="b">NALT</subfield>
    <subfield code="d">2023-08-22</subfield>
    <subfield code="g">158.00</subfield>
    <subfield code="l">0</subfield>
    <subfield code="o">BF 637.N4 &#xE2A;172&#xE01; 2550</subfield>
    <subfield code="p">3961166229</subfield>
    <subfield code="r">2023-09-20 00:00:00</subfield>
    <subfield code="t">&#xE09;. 2</subfield>
    <subfield code="v">208.00</subfield>
    <subfield code="w">2017-06-09</subfield>
    <subfield code="y">GB</subfield>
  </datafield>
</record>
